000 00493nam a2200169Ia 4500
008 240729s9999 xx 000 0 und d
022 _a1849-3327
245 0 _aJournal of Economic and Social Development (Varaždin)
260 _aCroatia
260 _bVarazdin Development and Entrepreneurship Agency
650 _a Business
650 _a Commerce
650 _aSocial Sciences
856 _uhttps://doaj.org/toc/90b3128c58394a1883035dbd426e42af
942 _2ddc
942 _cDOAJEJ
999 _c66788
_d66788
945 _a1
_bMadushi Gamage
_c1
_dMadushi Gamage